000 00546nam a2200229Ia 4500
005 20250425162301.0
008 250425s9999 xx 000 0 und d
041 _aspa
082 _a543.07
100 _aSKOOG, DOUGLAS A.
245 0 _aANALISIS INSTRUMENTAL
250 _a1A ED.
260 _aMEXICO
260 _aMéxico
_bINTERAMERICANA
_c1975
300 _a718
650 _aANALISIS INSTRUMENTAL
700 _aVICENTE AGUT ARMER
_etraductor
700 _aWEST, DONALD M.
710 _aS.A.
942 _c01
010 _a59642
999 _c226071
_d226071